« Retourner aux résultats de recherche
Eric Chahi
parcours d'un créateur de jeux vidéo français
| Auteur principal: | Daniel Ichbiah |
|---|---|
| D'autres auteurs: | Marc Pétronille |
| Support: | Livres |
| Langue: | Francais |
| Publié: |
2013 Pix'n Love Cergy-Saint-Christophe (Val-d'Oise) |
| Genre: |
Documentaire |
| Collection: |
Les grands noms du jeu vidéo |
| Sujets: | |
| Étiquettes: |
Ajouter
Pas de Tags !
|
| LEADER | 00949nam0a2200217 450 | ||
|---|---|---|---|
| 001 | 16845453 | ||
| 010 | |a 978-2-918272-71-7 |b br. |d 20 | ||
| 100 | |a 20131226d2013 u u0frey01 ba | ||
| 101 | 0 | |a fre | |
| 102 | |a FR | ||
| 200 | 0 | |a Eric Chahi |e parcours d'un créateur de jeux vidéo français |f par Daniel Ichbiah |g directeur de la publication Marc Pétronille | |
| 207 | 1 | |a | |
| 210 | |a Cergy-Saint-Christophe (Val-d'Oise) |c Pix'n Love |d 2013 | ||
| 215 | |a 1 vol. (207 p.) |c illustrations en couleur |d 21 x 15 cm | ||
| 225 | 1 | |a Les grands noms du jeu vidéo | |
| 330 | |a Retrace le parcours de ce graphiste, programmeur et concepteur de jeux vidéo, parmi lesquels Another world, qui connut un succès planétaire. | ||
| 700 | 0 | |a Ichbiah |b Daniel |4 70 | |
| 702 | 0 | |a Pétronille |b Marc |4 651 | |
| 900 | |a Documentaire | ||
| 901 | |a Accessible au prêt | ||
| 995 | |a Bibliothèque |c Bibliothèque |f 00156006183024 |h 00156006183024 |k 794.8 ICH |o p |q a |r az |e Bibliothèque | ||
